000 00757nam a22002177a 4500
999 _c8273
_d8273
003 AR-CdUCM
008 190322b ||||| |||| 00| 0 spa d
020 _a0-333-21072-7
040 _aMUNICIPALIDAD PROVINCIAL DEL CUSCO
_cBIBLIOTECA MUNICIPAL DEL CUSCO
041 _heng
082 _a690. /
_bL79
100 _aLloyd, C.
_923272
245 _aBuilding construction :
_bmetricated /
260 _aHong Kong :
_bMetric,
_c1966.
300 _a165 paginas ;
_bPlanos, cuadros, diagramas, figuras,
_c29 cm.
505 _aContenido : Making and reading working drawings -- Design of footings -- Methods of scaffolding -- Introducction to masonry...
650 _aBuilding
_923273
650 _aConstruction
_923274
942 _2ddc
_cLIBROS
945 _awnts